Kontexty ekonomického, sociálního a environmentálního vývoje

Nové rozšírenie chápania udržateľného rozvoja. Potreba zabezpečenia vyváženosti v rozvoji hospodárskom, sociálnom a environmentálnom. Kontexty ekonomického a sociálneho rozvoja. Kontexty ekonomického a environmentálneho vývoja. Hlavné poznatky analýzy kontextov ekonomického, sociálneho a environment...

Descripción completa

Guardado en:
Detalles Bibliográficos
Autor principal: Czesaný, Slavoj
Otros Autores: Šťastná, Michaela
Formato: Capítulo de libro
Lenguaje:checo
Materias:
Etiquetas: Agregar Etiqueta
Sin Etiquetas, Sea el primero en etiquetar este registro!

MARC

LEADER 00000naa$a2200000$$$4500
001 0042204
005 20231013081436.0
041 0 |a cze 
044 |a CZ 
245 1 0 |a Kontexty ekonomického, sociálního a environmentálního vývoje  |c Slavoj Czesaný, Michaela Šťastná 
520 |a Nové rozšírenie chápania udržateľného rozvoja. Potreba zabezpečenia vyváženosti v rozvoji hospodárskom, sociálnom a environmentálnom. Kontexty ekonomického a sociálneho rozvoja. Kontexty ekonomického a environmentálneho vývoja. Hlavné poznatky analýzy kontextov ekonomického, sociálneho a environmentálneho rozvoja. 
610 2 0 |a rozvoj hospodársky 
610 2 0 |a rozvoj sociálny 
610 2 0 |a prostredie životné 
610 2 0 |a rozvoj trvalo udržateľný 
610 2 0 |a Česko 
100 1 |a Czesaný, Slavoj 
700 1 |a Šťastná, Michaela